Pays où Burger King est implantés - Statistiques

Statistiques générales
  • Ce quiz a été pris 195 fois
  • Le résultat moyen est 68 sur 113
Statistiques - réponses
Numéro Pays % Correct
64 France
98%
98 États-Unis
97%
85 Espagne
92%
90 Canada
91%
14 Chine
89%
70 Italie
88%
89 Royaume-Uni
87%
82 Russie
86%
66 Allemagne
85%
19 Japon
85%
104 Brésil
84%
6 Maroc
84%
86 Suède
84%
87 Suisse
84%
96 Mexique
83%
78 Norvège
83%
80 Portugal
83%
99 Australie
82%
56 Belgique
82%
63 Finlande
82%
69 Irlande
80%
102 Argentine
79%
34 Corée du Sud
78%
16 Inde
78%
61 Danemark
77%
67 Grèce
77%
77 Pays-Bas
77%
54 Autriche
76%
88 Turquie
76%
8 Afrique du Sud
75%
68 Hongrie
75%
79 Pologne
74%
101 Nouvelle-Zélande
73%
9 Tunisie
73%
106 Chili
72%
81 Roumanie
70%
112 Uruguay
70%
1 Égypte
69%
35 Arabie Saoudite
68%
105 Colombie
68%
58 Croatie
68%
84 Slovaquie
68%
74 Luxembourg
67%
62 Estonie
66%
73 Lituanie
66%
109 Paraguay
66%
52 Andorre
65%
17 Indonésie
65%
18 Israël
65%
72 Lettonie
65%
110 Pérou
65%
33 Qatar
65%
83 Serbie
64%
41 Émirats arabes unis
63%
60 République Tchèque
63%
39 Thaïlande
63%
113 Venezuela
63%
42 Vietnam
63%
57 Bulgarie
61%
21 Irak
61%
31 Pakistan
61%
55 Biélorussie
60%
103 Bolivie
59%
107 Équateur
59%
76 Malte
58%
24 Liban
57%
51 Albanie
56%
28 Mongolie
55%
97 Panama
55%
59 Chypre
54%
47 Jamaïque
54%
30 Oman
54%
91 Costa Rica
53%
71 Kosovo
53%
93 Guatemala
52%
94 Honduras
52%
65 Géorgie
51%
23 Kazakhstan
51%
75 Macédoine du Nord
51%
7 Nigeria
51%
25 Malaisie
50%
38 Taïwan
50%
32 Philippines
49%
53 Arménie
47%
3 Côte d'ivoire
47%
108 Guyana
47%
95 Nicaragua
47%
36 Singapour
47%
111 Suriname
46%
11 Bangladesh
45%
13 Cambodge
45%
20 Jordanie
44%
22 Koweït
44%
92 Salvador
44%
37 Sri Lanka
43%
10 Bahreïn
41%
100 Fidji
41%
4 Kenya
39%
29 Myanmar
38%
44 Bahamas
37%
46 République dominicaine
36%
45 Barbade
32%
2 Ghana
32%
26 Maldives
31%
48 Sainte-Lucie
28%
49 Trinité-et-Tobago
28%
50 Saint-Christophe-et-Niévès
26%
12 Brunei
25%
5 Maurice
24%
43 Antigua-et-Barbuda
23%
40 Timor oriental
20%
15 Hong Kong
13%
27 Macao
9%
Aucun quiz correspondant
Distribution des résultats
% des personnes avec chaque résultat
Percentile par nombre de réponses
Votre historique - résultats
Vous n’avez pas pris ce quiz